| 000 | 01323nji a22003017a 4500 | ||
|---|---|---|---|
| 005 | 20100918111523.0 | ||
| 006 | a|||||r|||||00| 0 | ||
| 007 | sd ammalaaahaa | ||
| 008 | 100830t xxu||||| |||| 00| 0 eng d | ||
| 028 |
_a2393 847 _bMUSIC INDIA |
||
| 035 | _aGR-03485 | ||
| 040 |
_aSED _cSED |
||
| 100 |
_917455 _aTalat Aziz |
||
| 245 |
_aA team come true- geets by Talat Aziz and Penaaz Masani / _csung by Talat Aziz [and] Penaaz Masani; music and lyric by Raghunath Seth _h[sound recording] : |
||
| 246 | _aए टीम कम ट्रु- गीत्स बाय तलत अज़ीज़ एंड पेनाज़ मसानी / | ||
| 260 |
_aDum Dum, India _bMUSIC INDIA _c1982 |
||
| 300 |
_a1 sound disc [Gramophone Recording]: _banalog, 33 1/3 rpm _c12.5 in. (LP) _fGramophone Record |
||
| 500 | _aBrief Record | ||
| 500 | _aRecord labels : MUSIC INDIA, White | ||
| 505 | _aSide-1 (Yeh bahaar keh rahi hai) (Talat Aziz [and] Penaaz Masani) Side-2 (Rut aaj suhani hai) (Talat Aziz [and] Penaaz Masani) | ||
| 600 |
_aTalat Aziz _920359 |
||
| 650 |
_aClassical Music _zIndia _91186 _xExcerpts |
||
| 650 |
_aGhazals _920630 |
||
| 700 |
_aMasani, Penaaz _920360 |
||
| 700 |
_aRaghunath Seth _920634 |
||
| 942 |
_2ddc _cGR |
||
| 999 |
_c46675 _d46675 |
||